Ustad Ullaudin Khan Sahab Ki Shishay Parampara ka Bhartiya Vadhy Sangeet main Yogdan (Record no. 1122349)

MARC details
000 -LEADER
fixed length control field 00751nam a2200241Ia 4500
003 - CONTROL NUMBER IDENTIFIER
control field OSt
005 - DATE AND TIME OF LATEST TRANSACTION
control field 20221006165859.0
008 - FIXED-LENGTH DATA ELEMENTS--GENERAL INFORMATION
fixed length control field 221006b |||||||| |||| 00| 0 hin d
037 ## - SOURCE OF ACQUISITION
Terms of availability Dissertations
040 ## - CATALOGING SOURCE
Original cataloging agency FML
Transcribing agency FML
Language of cataloging hin
041 ## - LANGUAGE CODE
Source of code hin
Language code of text/sound track or separate title hin
100 ## - MAIN ENTRY--PERSONAL NAME
Personal name Ammbuj Mala Au.
9 (RLIN) 680679
110 ## - MAIN ENTRY--CORPORATE NAME
Corporate name or jurisdiction name as entry element Delhi University. Faculty of Music and Fine Arts. Department of Music
245 #0 - TITLE STATEMENT
Title Ustad Ullaudin Khan Sahab Ki Shishay Parampara ka Bhartiya Vadhy Sangeet main Yogdan
260 ## - PUBLICATION, DISTRIBUTION, ETC.
Date of publication, distribution, etc. 1998
300 ## - PHYSICAL DESCRIPTION
Extent 122
Dimensions cm.
700 ## - ADDED ENTRY--PERSONAL NAME
Personal name Delhi University. Faculty of Music and Fine Arts. Department of Music
942 ## - ADDED ENTRY ELEMENTS (KOHA)
Koha item type Dissertations
Source of classification or shelving scheme Colon Classification (CC)

No items available.

Copyright @ Delhi University Library System